| 000 | 00510nab a2200157Ia 4500 | ||
|---|---|---|---|
| 003 | ES-SlBCS | ||
| 005 | 20210601124313.0 | ||
| 008 | 140529s1984 xxu||||| |||| 00| 0 eng d | ||
| 041 | _aeng | ||
| 100 | 1 |
_aLapsley, Daniel K. _9139460 |
|
| 245 | 0 | 0 |
_aOn the Alleged Degeneration of the Kolhbergian Research _c Daniel K. Lapsley, Ronald C. Serlin |
| 650 | 0 | 4 |
_aKolhberg _9139310 |
| 700 | 1 |
_aSerlin, Ronald C. _9139461 |
|
| 773 | 0 |
_tEducational Theory _gvol. 34, nº. 2, 1984, págs. 157-170 _wRev1399 |
|
| 942 | _cAR | ||
| 999 |
_c512619 _d512619 |
||